00559nam a22001577a 450000500170000001000130001702000230003003500130005303700140006608200100008024501020009024600780019226000490027027000620031930000200038120200210113106.0 aB-209087 c475.00a8182231507 aB-209087 bBPPD/Pub. a840.8 aوہاب اشرفی :bمنفرد نقاد اور دانشور /cمرتب- ہمایوں اشرف aWahab Ashrafi: Munfarid Naqqaad Aur Danishwar /bedited by Humayun Ashraf aDelhibEducational Publishing Housec2006 ء a3108, Vakil Street, Kucha Pandit, Lal KuanbDelhie110006 a944p.c23cm(Hb)